000 02017nam a2200217Ia 4500
003 OSt
005 20260204053240.0
008 181105s2014 xx 000 0 und
020 _a9781107636897
040 _cnls
082 _a336.001 MAR
245 _aCoercion and social welfare in public finance :
_beconomic and political perspectives /
_cedited by Jorge Martinez-Vazquez and Stanley L. Winer
260 _aCambridge :
_bCambridge University Press,
_c2014.
300 _axiii, 353 p. ;
_c21 cm.
505 _a1. Coercion, welfare, and the study of public finance Jorge Martinez-Vazquez and Stanley L. Winer; Part I. Violence, Structured Anarchy, and the State: 2. The constitution of coercion: Wicksell, violence, and the ordering of society John J. Wallis; 3. Proprietary public finance: on its emergence and evolution out of anarchy Stergios Skaperdas; Part II. Voluntary and Coercive Transactions in Welfare Analysis: 4. Coercion, taxation, and voluntary association Roger D. Congleton; 5. Kaldor-Hicks coercion, Coasian bargaining, and the state Michael C. Munger; Part III. Coercion in Public Sector Economics: Theory and Application: 6. Non-coercion, efficiency and incentive compatibility in public goods John O. Ledyard; 7. Social welfare and coercion in public finance Stanley L. Winer, George Tridimas and Walter Hettich; 8. Lindahl fiscal incidence and the measurement of coercion Saloua Sehili and Jorge Martinez-Vazquez; 9. Fiscal coercion in federal systems, with special attention to highly divided societies Giorgio Brosio; Part IV. Coercion in the Laboratory: 10. Cooperating to resist coercion: an experimental study Lucy F. Ackert, Ann B. Gillette and Mark Rider; 11. Partial coercion, conditional cooperation, and self-commitment in voluntary contributions to public goods Elena Cettolin and Arno Riedl. Show More
650 _aPublic finance
650 _aSocial welfare
700 _aMartinez-Vazquez , Jorge
700 _aWiner, Stanley L.
942 _2ddc
_cBK
999 _c111939
_d111939